[Event "FRA-ch op Senior"]
[Site "Agen"]
[Date "2016.??.??"]
[Round "7"]
[White "Giffard, Nicolas"]
[Black "Weill, Roland"]
[Result "0-1"]
[WhiteElo "2310"]
[BlackElo "2139"]
[PlyCount "76"]
[EventDate "2016.08.12"]
[EventType "swiss"]
[EventRounds "9"]
[EventCountry "FRA"]
[SourceTitle "EXT 2017"]
[Source "ChessBase"]
[SourceDate "2016.10.25"]
[SourceVersion "1"]
[SourceVersionDate "2016.10.25"]
[SourceQuality "1"]

1. d4 Nf6 2. c4 e6 3. Nc3 Bb4 4. e3 0-0 5. Nge2 b6 6. a3 Bxc3+ 7. Nxc3 d5 8. b4 c5 9. dxc5 bxc5 10. Be2 Bb7 11. 0-0 dxc4 12. Qxd8 Rxd8 13. bxc5 Nbd7 14. Rb1 Nxc5 15. Bxc4 Rac8 16. f3 Nd3 17. Bxd3 Rxd3 18. Rxb7 Rdxc3 19. Rb1 Nd5 20. e4 Nb6 21. Rd1 h6 22. h4 h5 23. Kh2 Rc2 24. Be3 Nc4 25. Bxa7 Nd2 26. Rb8 Nxf3+ 27. Kh3 Rxb8 28. Bxb8 Nd2 29. a4 Ra2 30. Bc7 Nxe4 31. Rd8+ Kh7 32. a5 f6 33. Ra8 e5 34. a6 Nf2+ 35. Kg3 Ng4 36. Bd6 Rd2 37. Bc7 Ra2 38. Kf3 f5 0-1

[Event "FRA-ch op Senior"]
[Site "Agen"]
[Date "2016.??.??"]
[Round "8"]
[White "Weill, Roland"]
[Black "Boudre, Jean Pierre"]
[Result "1/2-1/2"]
[WhiteElo "2139"]
[BlackElo "2276"]
[PlyCount "63"]
[EventDate "2016.08.12"]
[EventType "swiss"]
[EventRounds "9"]
[EventCountry "FRA"]
[SourceTitle "EXT 2017"]
[Source "ChessBase"]
[SourceDate "2016.10.25"]
[SourceVersion "1"]
[SourceVersionDate "2016.10.25"]
[SourceQuality "1"]

1. e4 e5 2. Bc4 Nf6 3. d3 Nc6 4. Nc3 Bb4 5. Nge2 d5 6. exd5 Nxd5 7. 0-0 Nb6 8. Bb3 0-0 9. f4 Bg4 10. Be3 Bxc3 11. bxc3 Nd5 12. Bxd5 Qxd5 13. Qd2 Bxe2 14. Qxe2 exf4 15. Bxf4 Qc5+ 16. Qf2 Qxc3 17. Bxc7 Qd4 18. Rae1 Rfe8 19. c3 Qd7 20. Rxe8+ Rxe8 21. Bg3 f6 22. d4 Na5 23. Re1 Nc4 24. h3 Kf7 25. Rxe8 Qxe8 26. Qf5 Qe3+ 27. Kh2 Nd2 28. Qh5+ Ke7 29. Qc5+ Kf7 30. Qh5+ Ke7 31. Qc5+ Kf7 32. Qh5+ 1/2-1/2

[Event "Lille Luce op 6th"]
[Site "Lille"]
[Date "2015.05.07"]
[Round "5"]
[White "Weill, Roland"]
[Black "Billot, Daniel"]
[Result "1-0"]
[WhiteElo "2151"]
[BlackElo "1745"]
[PlyCount "43"]
[EventDate "2015.05.04"]
[EventType "swiss"]
[EventRounds "9"]
[EventCountry "FRA"]
[SourceTitle "EXT 2017"]
[Source "ChessBase"]
[SourceDate "2016.10.25"]
[SourceVersion "1"]
[SourceVersionDate "2016.10.25"]
[SourceQuality "1"]

1. e4 d5 2. exd5 Qxd5 3. Nc3 Qd6 4. Bc4 Nf6 5. d3 a6 6. Nge2 b5 7. Bb3 Bb7 8. f3 Nbd7 9. Be3 g6 10. Ne4 Nxe4 11. dxe4 Bg7 12. Qxd6 exd6 13. 0-0-0 0-0 14. Nf4 Bh6 15. h4 Nc5 16. h5 Ne6 17. Nd5 Bxe3+ 18. Nxe3 Nf4 19. hxg6 hxg6 20. Rh4 Ne2+ 21. Kb1 Ng3 22. Rg4 1-0

[Event "Lille Luce op 6th"]
[Site "Lille"]
[Date "2015.05.04"]
[Round "1"]
[White "Weill, Roland"]
[Black "Wambergue, Maurice"]
[Result "1-0"]
[WhiteElo "2151"]
[BlackElo "1871"]
[PlyCount "63"]
[EventDate "2015.05.04"]
[EventType "swiss"]
[EventRounds "9"]
[EventCountry "FRA"]
[SourceTitle "EXT 2017"]
[Source "ChessBase"]
[SourceDate "2016.10.25"]
[SourceVersion "1"]
[SourceVersionDate "2016.10.25"]
[SourceQuality "1"]

1. e4 c5 2. Nf3 d6 3. c3 Nc6 4. d4 Nf6 5. d5 Nb8 6. Be2 Nbd7 7. Nfd2 g6 8. 0-0 Bg7 9. a4 a6 10. a5 b5 11. axb6 Nxb6 12. f3 0-0 13. Na3 Nfd7 14. Nac4 Nxc4 15. Nxc4 a5 16. Kh1 Ne5 17. Ne3 Ba6 18. c4 Qb6 19. Qe1 Bc8 20. Qh4 a4 21. f4 Nd7 22. e5 dxe5 23. f5 Nf6 24. Ra3 e6 25. dxe6 fxe6 26. fxg6 hxg6 27. Ng4 Nh5 28. Rxf8+ Kxf8 29. Rf3+ Ke8 30. Qg5 Nf4 31. Bxf4 exf4 32. Qxg6+ 1-0

[Event "FRA-ch Seniors"]
[Site "Nimes"]
[Date "2014.08.27"]
[Round "10"]
[White "Weill, Roland"]
[Black "Pinchon, Henri"]
[Result "1-0"]
[WhiteElo "2112"]
[BlackElo "1868"]
[PlyCount "79"]
[EventDate "2014.08.17"]
[EventType "swiss"]
[EventRounds "11"]
[EventCountry "FRA"]
[SourceTitle "EXT 2017"]
[Source "ChessBase"]
[SourceDate "2016.10.25"]
[SourceVersion "1"]
[SourceVersionDate "2016.10.25"]
[SourceQuality "1"]

1. e4 c5 2. Nf3 e6 3. d3 d6 4. g3 Nc6 5. Bg2 Nf6 6. 0-0 Be7 7. c3 0-0 8. a3 Bd7 9. b4 cxb4 10. cxb4 a6 11. Bb2 Rc8 12. Nbd2 Qc7 13. Rc1 Qb8 14. Qe2 e5 15. Nc4 b5 16. Ne3 Rfe8 17. Bc3 h6 18. Qb2 Bf8 19. Nh4 Ne7 20. d4 Nc6 21. d5 Ne7 22. f4 Qb6 23. Qf2 Ng6 24. Nxg6 fxg6 25. fxe5 dxe5 26. Ng4 Qxf2+ 27. Nxf2 Bd6 28. Bb2 Rxc1 29. Rxc1 g5 30. Nd3 Kf7 31. Nc5 Ra8 32. Nxd7 Nxd7 33. Rc6 Ke7 34. Bh3 Nf8 35. Bc3 a5 36. bxa5 Bxa3 37. Bxe5 g6 38. Rc7+ Kd8 39. d6 h5 40. Bf6+ 1-0

[Event "FRA-ch Seniors"]
[Site "Nimes"]
[Date "2014.08.26"]
[Round "9"]
[White "Letzelter, Jean Claude"]
[Black "Weill, Roland"]
[Result "0-1"]
[WhiteElo "2088"]
[BlackElo "2112"]
[PlyCount "142"]
[EventDate "2014.08.17"]
[EventType "swiss"]
[EventRounds "11"]
[EventCountry "FRA"]
[SourceTitle "EXT 2017"]
[Source "ChessBase"]
[SourceDate "2016.10.25"]
[SourceVersion "1"]
[SourceVersionDate "2016.10.25"]
[SourceQuality "1"]

1. b4 d5 2. Bb2 Bg4 3. Nf3 Bxf3 4. gxf3 Nf6 5. e3 g6 6. c4 c6 7. Qb3 Bg7 8. cxd5 cxd5 9. d4 0-0 10. Nc3 Nc6 11. f4 e6 12. Bd3 Qb6 13. a3 Na5 14. Qa2 Nc4 15. Bxc4 dxc4 16. Qxc4 Rfc8 17. Qd3 Qc6 18. Ke2 Nd5 19. Ne4 Qc2+ 20. Qxc2 Rxc2+ 21. Kf3 Rxb2 22. Rhc1 Bf8 23. Rc4 a5 24. bxa5 Rb5 25. a4 Rbxa5 26. Rb1 Rxa4 27. Rxa4 Rxa4 28. Rxb7 Rb4 29. Ra7 Be7 30. Nd2 Kf8 31. Ra8+ Kg7 32. Ra7 Bf8 33. Ne4 h6 34. Kg3 Nf6 35. Nd2 Rb2 36. Nc4 Ne4+ 37. Kf3 Nd2+ 38. Nxd2 Rxd2 39. Rb7 h5 40. Kg3 Rc2 41. Kf3 Rc8 42. Kg3 Rd8 43. Kf3 Bd6 44. h3 Kf8 45. Ra7 Ke8 46. Ra6 Ke7 47. Ra7+ Rd7 48. Ra8 Rb7 49. Ra5 Bb4 50. Ra6 Kd7 51. Ra8 Be7 52. Kg3 Bf6 53. Ra5 Ke7 54. Rc5 Rb3 55. Rc7+ Kf8 56. Rc8+ Kg7 57. Rc4 Rd3 58. Ra4 Rc3 59. Rb4 Be7 60. Rb5 Bd6 61. Rb6 Bc7 62. Rb5 Kf8 63. Rb2 g5 64. Rb5 gxf4+ 65. Kf3 fxe3 66. fxe3 h4 67. Rh5 Bg3 68. d5 e5 69. Rh8+ Kg7 70. Ra8 f5 71. Ke2 e4 0-1

[Event "Montpellier op 19th"]
[Site "Montpellier"]
[Date "2013.07.07"]
[Round "1"]
[White "Prie, Eric"]
[Black "Weill, Roland"]
[Result "1/2-1/2"]
[WhiteElo "2493"]
[BlackElo "2106"]
[PlyCount "100"]
[EventDate "2013.07.05"]
[EventType "swiss"]
[EventRounds "9"]
[EventCountry "FRA"]
[SourceTitle "EXT 2014"]
[Source "ChessBase"]
[SourceDate "2013.11.20"]
[SourceVersion "1"]
[SourceVersionDate "2013.11.20"]
[SourceQuality "1"]

1. d4 Nf6 2. Nc3 c5 3. d5 e5 4. e4 d6 5. Be2 Be7 6. Nf3 a6 7. a4 Bg4 8. Nd2 Bxe2 9. Qxe2 0-0 10. a5 Ne8 11. Nc4 Nd7 12. 0-0 Bg5 13. Bxg5 Qxg5 14. Qe3 Qe7 15. Rfb1 g6 16. b4 cxb4 17. Rxb4 Nc5 18. Na4 Nxa4 19. Raxa4 Rb8 20. Rb6 Nc7 21. Qd2 Nb5 22. Na3 Nxa3 23. Rxa3 Rfc8 24. Ra4 Rc5 25. c4 Qc7 26. Qb4 Rc8 27. f3 Rxc4 28. Qxc4 Qxc4 29. Rxc4 Rxc4 30. Rxb7 f5 31. exf5 gxf5 32. Rb6 Rc5 33. Rxa6 Rxd5 34. Ra7 f4 35. g3 h5 36. Kg2 Rd2+ 37. Kh3 Ra2 38. a6 d5 39. gxf4 exf4 40. Kh4 Rxh2+ 41. Kg5 Ra2 42. Kxh5 d4 43. Rd7 Rxa6 44. Rxd4 Kg7 45. Kg5 Rb6 46. Rd7+ Kf8 47. Kxf4 Ra6 48. Kg5 Rb6 49. f4 Ra6 50. f5 Rb6 1/2-1/2

[Event "Montpellier op 19th"]
[Site "Montpellier"]
[Date "2013.07.06"]
[Round "2"]
[White "Weill, Roland"]
[Black "Buscara, Sevan"]
[Result "0-1"]
[WhiteElo "2106"]
[BlackElo "2334"]
[PlyCount "40"]
[EventDate "2013.07.05"]
[EventType "swiss"]
[EventRounds "9"]
[EventCountry "FRA"]
[SourceTitle "EXT 2014"]
[Source "ChessBase"]
[SourceDate "2013.11.20"]
[SourceVersion "1"]
[SourceVersionDate "2013.11.20"]
[SourceQuality "1"]

1. e4 d5 2. exd5 Qxd5 3. Nc3 Qa5 4. Rb1 Nf6 5. b4 Qe5+ 6. Be2 Bg4 7. d4 Bxe2 8. Ngxe2 Qf5 9. Ng3 Qe6+ 10. Be3 Qc6 11. Qd3 Qxg2 12. d5 c6 13. dxc6 Qxc6 14. 0-0 Nbd7 15. Bf4 e6 16. Rfe1 Be7 17. b5 Qb6 18. Nf5 exf5 19. Qxf5 Qc5 20. Qxc5 Nxc5 0-1

[Event "Lille Luce op 4th"]
[Site "Lille"]
[Date "2013.04.13"]
[Round "1"]
[White "Weill, Roland"]
[Black "Pancevski, Filip"]
[Result "0-1"]
[WhiteElo "2138"]
[BlackElo "2500"]
[PlyCount "59"]
[EventDate "2013.04.13"]
[EventType "swiss"]
[EventRounds "9"]
[EventCountry "FRA"]
[SourceTitle "CBM 154 Extra"]
[Source "ChessBase"]
[SourceDate "2013.06.25"]
[SourceVersion "2"]
[SourceVersionDate "2013.06.25"]
[SourceQuality "1"]

1. e4 d6 2. d4 Nf6 3. Nc3 Nbd7 4. Nf3 e5 5. Bc4 Be7 6. 0-0 0-0 7. Re1 a6 8. a4 b6 9. dxe5 dxe5 10. Nh4 Nxe4 11. Nxe4 Bxh4 12. Qh5 Bb7 13. Ng5 Bxg5 14. Bxg5 Nf6 15. Qh4 h6 16. Bxh6 gxh6 17. Qxh6 Nh7 18. Rxe5 Qf6 19. Qxf6 Nxf6 20. Rg5+ Kh8 21. Ra3 Nh7 22. Rh3 Rg8 23. Rgh5 Rxg2+ 24. Kf1 Rg7 25. f3 Bc8 26. R3h4 Bd7 27. Rd4 Bc6 28. Bd3 Kg8 29. Rh6 Nf8 30. Rdh4 0-1

[Event "FRA-ch Seniors"]
[Site "Pau"]
[Date "2012.08.19"]
[Round "6"]
[White "Giffard, Nicolas"]
[Black "Weill, Roland"]
[Result "0-1"]
[WhiteElo "2363"]
[BlackElo "2185"]
[PlyCount "84"]
[EventDate "2012.08.14"]
[EventType "swiss"]
[EventRounds "11"]
[EventCountry "FRA"]
[SourceTitle "EXT 2013"]
[Source "ChessBase"]
[SourceDate "2012.11.22"]
[SourceVersion "1"]
[SourceVersionDate "2012.11.22"]
[SourceQuality "1"]

1. d4 Nf6 2. c4 c5 3. d5 e5 4. Nc3 d6 5. e4 Be7 6. h3 Nbd7 7. Nf3 Nf8 8. Be3 Ng6 9. Qc1 h5 10. h4 Ng4 11. g3 f5 12. exf5 Bxf5 13. Nd2 Nxe3 14. fxe3 e4 15. Qc2 Ne5 16. Ncxe4 0-0 17. Be2 g6 18. 0-0-0 a6 19. Rdf1 b5 20. Rf4 Qa5 21. Kb1 Ng4 22. Bxg4 hxg4 23. Ka1 Kg7 24. Qc1 Rab8 25. Rhf1 Qb4 26. Nc3 Bd3 27. Rxf8 Rxf8 28. Rxf8 Bxf8 29. a3 Qa5 30. Nb3 Qb6 31. cxb5 axb5 32. Qd1 Bf5 33. Qf1 b4 34. Qb5 Qa7 35. Nb1 Be7 36. Qa5 Qb7 37. axb4 Qxd5 38. Nd4 Bxb1 39. bxc5 Bd3 40. Qa7 Kh6 41. c6 Bd8 42. b3 Ba5 0-1

[Event "Lille Luce op 3rd"]
[Site "Lille"]
[Date "2012.04.24"]
[Round "2"]
[White "Weill, Roland"]
[Black "Costello, Colin"]
[Result "1-0"]
[WhiteElo "2203"]
[BlackElo "1956"]
[PlyCount "81"]
[EventDate "2012.04.23"]
[EventType "swiss"]
[EventRounds "8"]
[EventCountry "FRA"]
[SourceTitle "CBM 148 Extra"]
[Source "ChessBase"]
[SourceDate "2012.06.22"]
[SourceVersion "1"]
[SourceVersionDate "2012.06.22"]
[SourceQuality "1"]

1. c4 e6 2. Nf3 d5 3. e3 Nf6 4. b3 c5 5. Bb2 Bd6 6. Be2 Nc6 7. Nc3 0-0 8. d4 cxd4 9. exd4 b6 10. 0-0 Bb7 11. Rc1 Rc8 12. Re1 Re8 13. Bf1 Bb8 14. Ne2 Ne4 15. Ng3 Nxg3 16. hxg3 Ne7 17. c5 Ng6 18. b4 bxc5 19. dxc5 a6 20. a4 Ba7 21. a5 Bb8 22. Bd3 f6 23. Qe2 e5 24. Bxa6 Qc7 25. Bb5 Re6 26. Ba4 Ba6 27. Qd2 Bc4 28. Rxc4 dxc4 29. Bd7 Ree8 30. Qd5+ Kh8 31. Bxc8 Qxc8 32. Rd1 e4 33. Nh2 e3 34. fxe3 Bxg3 35. Nf1 Be5 36. Bxe5 Nxe5 37. b5 Qg4 38. c6 Qe2 39. c7 Nd3 40. Rxd3 Qxd3 41. Qe6 1-0

[Event "Lille Luce op 2nd"]
[Site "Lille"]
[Date "2011.04.25"]
[Round "1"]
[White "Weill, Roland"]
[Black "Burmakin, Vladimir"]
[Result "1/2-1/2"]
[WhiteElo "2189"]
[BlackElo "2594"]
[PlyCount "48"]
[EventDate "2011.04.25"]
[EventType "swiss"]
[EventRounds "9"]
[EventCountry "FRA"]
[SourceTitle "CBM 142 Extra"]
[Source "ChessBase"]
[SourceDate "2011.06.27"]
[SourceVersion "1"]
[SourceVersionDate "2011.06.27"]
[SourceQuality "1"]

1. e4 c6 2. d3 d5 3. Nd2 Nd7 4. Ngf3 Qc7 5. g3 Ngf6 6. Bg2 dxe4 7. Nxe4 Nxe4 8. dxe4 e5 9. 0-0 Bc5 10. Nh4 0-0 11. Nf5 Nb6 12. Qg4 Bxf5 13. exf5 f6 14. h4 Kh8 15. Bd2 Rad8 16. Rfd1 Nd5 17. Be1 Qb6 18. Rab1 Qc7 19. b4 Be7 20. h5 Nb6 21. b5 Rxd1 22. Rxd1 Nd7 23. Qc4 Nb8 24. Bb4 c5 1/2-1/2

[Event "St Chely d'Aubrac op 9th"]
[Site "St Chely d'Aubrac"]
[Date "2009.07.15"]
[Round "6"]
[White "Weill, Roland"]
[Black "Biaux, Alain"]
[Result "1-0"]
[WhiteElo "2227"]
[BlackElo "1918"]
[PlyCount "71"]
[EventDate "2009.07.11"]
[EventType "swiss"]
[EventRounds "9"]
[EventCountry "FRA"]
[SourceTitle "EXT 2010"]
[Source "ChessBase"]
[SourceDate "2010.11.25"]
[SourceVersion "1"]
[SourceVersionDate "2010.11.25"]
[SourceQuality "1"]

1. Nf3 c5 2. g3 Nc6 3. Bg2 d5 4. 0-0 e6 5. c4 Nf6 6. cxd5 exd5 7. d4 cxd4 8. Nxd4 Be7 9. Nc3 0-0 10. b3 Re8 11. Bb2 Bf8 12. Re1 Bg4 13. Rc1 Rc8 14. Nxc6 bxc6 15. Qd3 Bh5 16. e3 Qe7 17. Qa6 Bg4 18. Na4 Qb4 19. Bxf6 gxf6 20. Qxa7 Qa3 21. Qd4 Be6 22. Qb2 Qxb2 23. Nxb2 c5 24. Nd3 c4 25. Nf4 Ba3 26. Rcd1 cxb3 27. axb3 Rc3 28. Nxd5 Bxd5 29. Bxd5 Rec8 30. Bc4 Rc7 31. Re2 Rc1 32. Red2 Rxd1+ 33. Rxd1 Kg7 34. Rd5 Rb7 35. Kg2 h6 36. Kf3 1-0

[Event "St Chely d'Aubrac op 9th"]
[Site "St Chely d'Aubrac"]
[Date "2009.07.14"]
[Round "5"]
[White "Saucey, Michel"]
[Black "Weill, Roland"]
[Result "1-0"]
[WhiteElo "2366"]
[BlackElo "2227"]
[PlyCount "109"]
[EventDate "2009.07.11"]
[EventType "swiss"]
[EventRounds "9"]
[EventCountry "FRA"]
[SourceTitle "EXT 2010"]
[Source "ChessBase"]
[SourceDate "2010.11.25"]
[SourceVersion "1"]
[SourceVersionDate "2010.11.25"]
[SourceQuality "1"]

1. d4 d6 2. e4 Nf6 3. Nc3 Nbd7 4. Nf3 e5 5. Bc4 Be7 6. 0-0 0-0 7. Re1 c6 8. a4 b6 9. d5 Bb7 10. b3 a6 11. dxc6 Bxc6 12. Ba3 Qc7 13. Qd3 Bb7 14. Rad1 Nc5 15. Bxc5 Qxc5 16. Nd5 Nxd5 17. Bxd5 Bxd5 18. Qxd5 Qxd5 19. Rxd5 Rfc8 20. c4 Rab8 21. Kf1 Rc6 22. Ke2 g6 23. Red1 f5 24. exf5 gxf5 25. Ne1 Kf7 26. Nc2 Rcc8 27. Nb4 Ra8 28. R5d3 b5 29. axb5 axb5 30. cxb5 Rab8 31. Rd5 Rc5 32. Rxc5 dxc5 33. Nc6 Rb7 34. Nxe5+ Ke6 35. Nc4 Rxb5 36. Rd3 Bg5 37. g3 Bf6 38. h3 Bd4 39. g4 Rb8 40. Ne3 fxg4 41. hxg4 Ra8 42. f4 Ra2+ 43. Kf3 Rh2 44. g5 Rh1 45. Ke4 Rh3 46. f5+ Kf7 47. Ng4 Rh1 48. Ne5+ Ke8 49. Nf3 Bf2 50. f6 Ra1 51. Kf5 Ra5 52. Rd5 Rb5 53. Ne5 Rb7 54. f7+ Ke7 55. Rd8 1-0

[Event "St Chely d'Aubrac op 9th"]
[Site "St Chely d'Aubrac"]
[Date "2009.07.13"]
[Round "4"]
[White "Weill, Roland"]
[Black "Degraeve, Jean Marc"]
[Result "1/2-1/2"]
[WhiteElo "2227"]
[BlackElo "2559"]
[PlyCount "69"]
[EventDate "2009.07.11"]
[EventType "swiss"]
[EventRounds "9"]
[EventCountry "FRA"]
[SourceTitle "EXT 2010"]
[Source "ChessBase"]
[SourceDate "2010.11.25"]
[SourceVersion "1"]
[SourceVersionDate "2010.11.25"]
[SourceQuality "1"]

1. Nf3 g6 2. e4 c5 3. g3 Bg7 4. Bg2 Nf6 5. d3 d5 6. Nbd2 Nc6 7. 0-0 0-0 8. c3 b6 9. a3 e6 10. e5 Nd7 11. d4 a5 12. Re1 b5 13. Nf1 Rb8 14. Bg5 Qb6 15. Qd2 b4 16. Bh6 bxc3 17. bxc3 cxd4 18. Bxg7 Kxg7 19. cxd4 Ba6 20. Rac1 Bxf1 21. Bxf1 Rfc8 22. Qf4 Qd8 23. a4 Ne7 24. Bb5 Ng8 25. Ng5 Qe7 26. Qxf7+ Qxf7 27. Nxf7 Kxf7 28. Bxd7 Rxc1 29. Rxc1 Rb7 30. Bb5 Nh6 31. Bd3 Rb4 32. Rc7+ Kg8 33. Rc8+ Kg7 34. Rc7+ Kg8 35. Rc8+ 1/2-1/2